Video electronics technology

সংরক্ষণ করুন:
গ্রন্থ-পঞ্জীর বিবরন
প্রধান লেখক: Ingram, Dave
বিন্যাস: গ্রন্থ
ভাষা:Undetermined
প্রকাশিত: New York Tab Books Inc. 1983
বিষয়গুলি:
ট্যাগগুলো: ট্যাগ যুক্ত করুন
কোনো ট্যাগ নেই, প্রথমজন হিসাবে ট্যাগ করুন!
Thư viện lưu trữ: Trung tâm Học liệu Trường Đại học Cần Thơ
LEADER 00500nam a2200193Ia 4500
001 CTU_84031
008 210402s9999 xx 000 0 und d
082 |a 621.388 
082 |b I.54 
100 |a Ingram, Dave 
245 0 |a Video electronics technology 
245 0 |c Dave Ingram 
260 |a New York 
260 |b Tab Books Inc. 
260 |c 1983 
650 |a Television 
650 |x Amateurs' manuals 
904 |i QHieu(sửa) 
980 |a Trung tâm Học liệu Trường Đại học Cần Thơ